000 01340nam a2200337Ia 4500
001 ebr10167454
003 CaPaEBR
006 m u
007 cr cn|||||||||
008 060616s2006 enk sb 001 0 eng d
020 _z1403974349 (hbk.) :
020 _z9781403974341 (hbk.) :
040 _aCaPaEBR
_cCaPaEBR
035 _a(OCoLC)234083862
050 1 4 _aBL2034.3.B53
_bG75 2006eb
082 0 4 _a294.5095496
_222
100 1 _aGrieve, Gregory P.
_q(Gregory Price),
_d1964-
245 1 0 _aRetheorizing religion in Nepal
_h[electronic resource] /
_cGregory Price Grieve.
260 _aBasingstoke :
_bPalgrave Macmillan,
_cc2006.
300 _axviii, 172 p.
490 1 _aReligion/culture/critique
504 _aIncludes bibliographical references and index.
533 _aElectronic reproduction.
_bPalo Alto, Calif. :
_cebrary,
_d2009.
_nAvailable via World Wide Web.
_nAccess may be limited to ebrary affiliated libraries.
650 0 _aHinduism
_zNepal
_zBhaktapur.
650 0 _aMandala
_zNepal
_zBhaktapur.
651 0 _aBhaktapur (Nepal)
_xReligious life and customs.
655 7 _aElectronic books.
_2local
710 2 _aebrary, Inc.
830 0 _aReligion/culture/critique.
856 4 0 _uhttp://site.ebrary.com/lib/rucke/Doc?id=10167454
_zAn electronic book accessible through the World Wide Web; click to view
999 _c246975
_d246975